Los estudios de la mujer. Intinerarios epistemológicos en la construcción de un nuevo paradigma científico
Salvato in:
| Autore principale: | |
|---|---|
| Natura: | testo |
| Pubblicazione: |
Buenos Aires:
Centro de Estudios de la Mujer
|
| Tags: |
Aggiungi Tag
Nessun Tag, puoi essere il primo ad aggiungerne!!
|
MARC
| LEADER | 00000 a a2200000 04500 | ||
|---|---|---|---|
| 001 | 14079 | ||
| 003 | |||
| 040 | |||
| 090 | |a 028100 | ||
| 100 | |a Bonder, Gloria | ||
| 245 | |a Los estudios de la mujer. Intinerarios epistemológicos en la construcción de un nuevo paradigma científico | ||
| 260 | |a Buenos Aires: |b Centro de Estudios de la Mujer | ||
| 300 | |a 13 p. | ||
| 999 | |c 10816 |d 10816 | ||
